[Event "13th Russian Championship"]
[Site "?"]
[Date "2006.04.24"]
[Round "?"]
[White "Rublevsky, Sergei"]
[Black "Shirov, Alexei"]
[WhiteElo "2687"]
[BlackElo "2699"]
[Result "0-1"]

1. e4 e5 2. Nf3 Nf6 3. Nxe5 d6 4. Nf3 Nxe4 5. Nc3 Nxc3 6. dxc3 Be7 7. Bf4 O-O 8. Qd2 Nd7 9. O-O-O Nc5 10. h4 Bf6 11. Ng5 h6 12. f3 Rb8 13. g4 b5 14. Bd3 Re8 15. Bh7+ Kf8 16. Nh3 b4 17. cxb4 a5 18. g5 Bxh3 19. gxf6 Qxf6 20. c3 axb4 21. cxb4 Na6 22. a3 Bf5 23. Bxf5 Qxf5 24. Rhg1 Nxb4 25. axb4 Ra8 26. b3 Ra1+ 27. Kb2 Qf6+ 

0-1

[Event "17th Puhajarve Rapid"]
[Site "?"]
[Date "2016.11.26"]
[Round "?"]
[White "Kovalenko, Igor"]
[Black "Shirov, Alexei"]
[WhiteElo "2684"]
[BlackElo "2673"]
[Result "0-1"]

1. c4 e5 2. Nc3 Nc6 3. g3 f5 4. Bg2 Nf6 5. a3 a5 6. e3 g6 7. Qa4 Ra6 8. Nge2 Bg7 9. O-O e4 10. d3 exd3 11. Nf4 Ne5 12. Qb5 Nfg4 13. h3 c6 14. Qa4 Nf6 15. Rd1 d6 16. Nxd3 Nfd7 17. Nxe5 dxe5 18. e4 O-O 19. exf5 gxf5 20. c5 Qe7 21. Qc4+ Kh8 22. Na4 f4 23. gxf4 exf4 24. Bxf4 Qh4 25. Rd4 Bxd4 26. Qxd4+ Qf6 27. Be3 Qxd4 28. Bxd4+ Kg8 29. Bf1 Rf4 30. Rd1 Ra8 31. Kg2 Kf8 32. Kg3 Rf5 33. Bd3 Rh5 34. Be2 Rh6 35. Be3 Rxh3+ 36. Kxh3 Nxc5+ 37. Kh4 Nxa4 38. Rd8+ Kf7 39. Bh5+ Kf6 40. Bg5+ Kg7 41. Be3 Kf6 42. b3 Nc3 43. Bg4 a4 44. bxa4 Rxa4 45. Rxc8 Nd5 46. Bg5+ Ke5 47. Re8+ Kd6 48. Kh5 Nf4+ 49. Bxf4+ Rxf4 50. f3 Kc5 51. Re3 Kd4 52. Rb3 b5 53. Kg5 Rf8 54. f4 Kc5 55. Rg3 Kb6 56. Rh3 Ra8 57. Rxh7 Rxa3 

0-1

[Event "FIDE Grand Prix"]
[Site "?"]
[Date "2002.04.05"]
[Round "?"]
[White "Azmaiparashvili, Z"]
[Black "Shirov, Alexei"]
[WhiteElo "2676"]
[BlackElo "2715"]
[Result "0-1"]

1. c4 e6 2. d4 d5 3. Nf3 Nf6 4. Bg5 dxc4 5. Qa4+ Nbd7 6. e3 c6 7. Qxc4 Qa5+ 8. Nbd2 Ne4 9. Bh4 g5 10. Bg3 g4 11. O-O-O Nxg3 12. hxg3 gxf3 13. gxf3 Qd5 14. Qc2 Qxa2 15. Bc4 Qa1+ 16. Nb1 Nb6 17. Bb3 Nd5 18. e4 Nb4 19. Qc3 a5 20. d5 a4 21. d6 axb3 22. Qxb4 Bg7 23. Qd2 Bd7 24. f4 Ra4 

0-1

[Event "FIDE Grand Prix"]
[Site "?"]
[Date "2002.04.07"]
[Round "?"]
[White "Grischuk, Alexander"]
[Black "Shirov, Alexei"]
[WhiteElo "2671"]
[BlackElo "2715"]
[Result "0-1"]

1. e4 c5 2. Nf3 Nc6 3. Bb5 g6 4. Bxc6 dxc6 5. d3 Bg7 6. h3 Nf6 7. Nc3 O-O 8. Be3 b6 9. Qd2 e5 10. Bh6 Qd6 11. O-O-O Be6 12. Bxg7 Kxg7 13. Qg5 Nd7 14. Qg3 b5 15. d4 cxd4 16. Nxd4 Qe7 17. Nf5+ Bxf5 18. exf5 Nf6 19. Rhe1 Rfe8 20. Ne4 Rad8 21. Rxd8 Qxd8 22. fxg6 hxg6 23. Rd1 Nd5 24. h4 Qa5 25. Qb3 Nf4 26. g3 Ne6 27. Qf3 Qxa2 28. Qf6+ Kg8 29. Rd7 Nf8 30. Ng5 Nxd7 

0-1

[Event "Rapid KO"]
[Site "?"]
[Date "2004.06.05"]
[Round "?"]
[White "Radjabov, Teimour"]
[Black "Shirov, Alexei"]
[WhiteElo "2670"]
[BlackElo "2713"]
[Result "0-1"]

1. d4 d5 2. c4 c6 3. Nc3 Nf6 4. cxd5 cxd5 5. Bf4 Nc6 6. e3 a6 7. Nf3 Bg4 8. Be2 e6 9. O-O Bd6 10. Bxd6 Qxd6 11. Rc1 O-O 12. h3 Bxf3 13. Bxf3 Rac8 14. Qa4 Nd7 15. Be2 Nb6 16. Qc2 Ne7 17. Bd3 h6 18. Qb3 Rc6 19. Ne2 Rfc8 20. Rxc6 Rxc6 21. Rc1 Qc7 22. Rxc6 Nxc6 23. Nc3 Nd7 24. a3 b5 25. Qc2 Nb6 26. Nb1 Qd6 27. Nd2 e5 28. dxe5 Nxe5 29. Be2 Nec4 30. Nf3 g6 31. Nd4 h5 32. h4 Nd7 33. g3 Nf6 34. Bd3 Ng4 35. Bxc4 dxc4 36. a4 Nxe3 37. fxe3 Qxg3+ 38. Kf1 Qxe3 39. Qf2 Qd3+ 40. Kg2 bxa4 41. Nf3 c3 42. bxc3 a3 43. Nd2 a2 44. Nb3 f6 45. c4 g5 46. Na1 Kf8 

0-1

[Event "Yerevan ol"]
[Site "?"]
[Date "1996.??.??"]
[Round "?"]
[White "Sokolov, Ivan"]
[Black "Shirov, Alexei"]
[WhiteElo "2670"]
[BlackElo "2685"]
[Result "0-1"]

1. d4 d5 2. c4 c6 3. Nc3 Nf6 4. Nf3 a6 5. c5 Bf5 6. Qb3 Qc8 7. Bf4 Nbd7 8. h3 e6 9. Ne5 Be7 10. g4 Bg6 11. e3 Bd8 12. Be2 Nxe5 13. Bxe5 Bc7 14. Na4 Ba5+ 15. Nc3 O-O 16. h4 h6 17. O-O-O Nd7 18. Bd6 Re8 19. Rhg1 Bc7 20. h5 Bh7 21. g5 Bxd6 22. cxd6 Kh8 23. gxh6 gxh6 24. e4 dxe4 25. Na4 Qd8 26. Nc5 Nxc5 27. dxc5 Qf6 28. Qc3 Qxc3+ 29. bxc3 Rab8 30. Rd4 a5 31. Bd1 b6 32. cxb6 Rxb6 33. Bc2 Rd8 34. d7 Rb5 35. Rgd1 Rxh5 36. c4 Kg7 37. Kb2 Kf8 38. Ba4 Rc5 39. Kc3 Ke7 40. Rd6 e3 41. fxe3 Be4 42. R6d4 Re5 43. Rf1 Bg2 44. Rg1 Rxe3+ 45. Rd3 Rxd3+ 46. Kxd3 Rxd7+ 47. Ke3 Bh3 48. Bxc6 Rc7 49. Bb5 e5 50. Rh1 Be6 51. Kd3 Kf6 52. Rxh6+ Kg5 53. Rh8 Kf4 54. Rh4+ Bg4 55. Rh8 f5 56. Re8 Rc5 57. a4 Kf3 58. Ba6 Kf2 59. Bb5 Be2+ 60. Kc3 f4 61. Rd8 Bf3 62. Rd2+ Ke1 

0-1

[Event "GMA"]
[Site "?"]
[Date "2003.01.26"]
[Round "?"]
[White "Van Wely, Loek"]
[Black "Shirov, Alexei"]
[WhiteElo "2668"]
[BlackElo "2723"]
[Result "0-1"]

1. d4 d5 2. c4 dxc4 3. Nf3 Nf6 4. e3 e6 5. Bxc4 c5 6. O-O a6 7. dxc5 Bxc5 8. Qxd8+ Kxd8 9. Ne5 Ke7 10. Be2 Nbd7 11. Nd3 Bd6 12. Nd2 Nc5 13. Nc4 Nxd3 14. Bxd3 Bc5 15. Be2 Rd8 16. b3 Bd7 17. Bf3 Nd5 18. Bb2 f6 19. Rac1 Rdc8 20. Rfd1 b5 21. e4 Nb4 22. e5 Nxa2 23. Rc2 Nb4 24. Rcd2 Bc6 25. Bxc6 Nxc6 26. exf6+ gxf6 27. Rd7+ Ke8 28. Ne3 Be7 29. Ng4 e5 30. f4 h5 31. Nf2 Nd4 32. Rb7 Ne2+ 33. Kf1 Nxf4 34. Rdd7 Ng6 35. Ne4 Rc6 36. h4 f5 37. Ng3 Rd8 38. Rdc7 Rxc7 39. Rxc7 Rd1+ 40. Ke2 Rg1 

0-1

[Event "Amplico ch-EUR Rapid"]
[Site "?"]
[Date "2012.12.16"]
[Round "?"]
[White "Fridman, Daniel"]
[Black "Shirov, Alexei"]
[WhiteElo "2667"]
[BlackElo "2708"]
[Result "0-1"]

1. c4 e5 2. g3 Nc6 3. Bg2 g6 4. Nc3 Bg7 5. Rb1 a5 6. a3 d6 7. b4 axb4 8. axb4 Nf6 9. d3 O-O 10. Nf3 Re8 11. Bg5 h6 12. Bxf6 Bxf6 13. O-O Bg7 14. b5 Ne7 15. Qb3 c6 16. Rfd1 d5 17. cxd5 cxd5 18. d4 e4 19. Ne1 Be6 20. Nc2 Rc8 21. Na4 b6 22. Nb4 Qd6 23. e3 Bg4 24. Rdc1 h5 25. Rc3 Rxc3 26. Nxc3 Be6 27. Na6 Rc8 28. Na4 Bf8 29. Bf1 h4 30. Qb4 Qd8 31. Qd2 hxg3 32. hxg3 Nf5 33. Nb4 Bd6 34. Nc6 Qg5 35. Nxb6 Nh4 36. Bg2 Nxg2 37. Kxg2 Bg4 38. Rg1 Re8 39. Kf1 Bc7 40. Na4 Ra8 41. Qb4 Qf6 42. Ne7+ Kg7 43. Nxd5 Qf3 44. Ndc3 Ba5 45. Qb2 Rh8 46. d5 f6 47. Qa3 Kf7 48. Qa2 Rh1 49. d6+ Kg7 

0-1

[Event "Amber Rapid"]
[Site "?"]
[Date "2004.03.31"]
[Round "?"]
[White "Vallejo Pons, Francisco"]
[Black "Shirov, Alexei"]
[WhiteElo "2663"]
[BlackElo "2736"]
[Result "0-1"]

1. d4 d5 2. c4 e6 3. Nf3 Nf6 4. Nc3 c6 5. cxd5 exd5 6. Bg5 h6 7. Bh4 Bf5 8. Qb3 g5 9. Bg3 Qb6 10. Nd2 Nbd7 11. e3 Qxb3 12. Nxb3 Ne4 13. Nxe4 Bxe4 14. Nd2 Bg6 15. h4 Rg8 16. Be2 Be7 17. hxg5 hxg5 18. Nf3 f6 19. Nd2 Kf7 20. Bh5 a5 21. a4 Bxh5 22. Rxh5 Kg6 23. Rh2 c5 24. Ke2 cxd4 25. exd4 Rac8 26. Kd3 Nb6 27. f4 Bb4 28. Nf3 Nc4 29. b3 Nb2+ 30. Ke2 Rc2+ 31. Kf1 gxf4 32. Bxf4 Nd3 33. Be3 Re8 34. Nh4+ Kf7 35. Nf5 Rb2 36. Rd1 Rxb3 37. g4 Re4 38. Rh7+ Ke6 39. Rxb7 Ra3 40. Rb1 Rxg4 41. Ng7+ Kd6 42. Rf7 Ne1 43. Rxf6+ Ke7 44. Re6+ Kf7 45. Bh6 

0-1

[Event "FIDE Grand Prix"]
[Site "?"]
[Date "2002.04.04"]
[Round "?"]
[White "Short, Nigel D"]
[Black "Shirov, Alexei"]
[WhiteElo "2663"]
[BlackElo "2715"]
[Result "0-1"]

1. e4 e5 2. Nf3 Nf6 3. Nxe5 d6 4. Nxf7 Kxf7 5. d4 c5 6. dxc5 Nc6 7. Bc4+ Be6 8. Bxe6+ Kxe6 9. O-O Kf7 10. Qe2 Qe8 11. Re1 d5 12. e5 Ne4 13. Nc3 Nxc3 14. bxc3 Qe6 15. Rb1 Rb8 16. Be3 Be7 17. f4 Rhf8 18. Bd4 Kg8 19. Rf1 g5 20. fxg5 Bxg5 21. Rxf8+ Kxf8 22. Qh5 Qg6 23. Qf3+ Kg7 24. Qxd5 Qxc2 25. e6+ Kg6 26. Rf1 Qd3 27. Qd7 Be3+ 28. Bxe3 Qxe3+ 29. Kh1 Rf8 30. Rg1 Ne5 31. Qd6 Rf6 32. h3 Nd3 33. Qd5 Nxc5 34. e7 Qxe7 35. Qg8+ Kh6 36. Rd1 Ne4 

0-1

[Event "Bundesliga"]
[Site "?"]
[Date "2007.02.03"]
[Round "?"]
[White "Alekseev, Evgeny"]
[Black "Shirov, Alexei"]
[WhiteElo "2661"]
[BlackElo "2715"]
[Result "0-1"]

1. e4 e5 2. Bc4 Nf6 3. d3 c6 4. Nf3 d5 5. Bb3 Bd6 6. exd5 Nxd5 7. O-O O-O 8. Re1 Bg4 9. h3 Bh5 10. g4 Bg6 11. Nxe5 Bxe5 12. Rxe5 Nd7 13. Re1 Qh4 14. Qf3 Rae8 15. Rf1 h5 16. Nc3 Nxc3 17. bxc3 Kh7 18. gxh5 Qxh5 19. Qxh5+ Bxh5 20. Ba3 Rh8 21. Rfe1 Ne5 22. Kg2 Nf3 23. Re3 Nh4+ 24. Kf1 Nf3 25. Bd6 g5 26. d4 Kg6 27. c4 Nxd4 28. c5 Bf3 29. Ke1 Nf5 30. Rxe8 Rxe8+ 31. Kd2 Re2+ 32. Kd3 Rxf2 33. Re1 Bg2 34. Re8 Bxh3 35. Rg8+ Kf6 36. Bc7 Rf3+ 37. Kd2 g4 38. Bd8+ Ke5 39. Bc7+ Kd4 40. Bd6 g3 41. Rd8 

0-1